An incomplete education : (Record no. 882)
[ view plain ]
| 000 -LEADER | |
|---|---|
| fixed length control field | 00977pam a2200277 a 4500 |
| 005 - DATE AND TIME OF LATEST TRANSACTION | |
| control field | 20260322212038.0 |
| 008 - FIXED-LENGTH DATA ELEMENTS--GENERAL INFORMATION | |
| fixed length control field | data |
| 010 ## - LIBRARY OF CONGRESS CONTROL NUMBER | |
| LC control number | 2006282330 |
| 020 ## - INTERNATIONAL STANDARD BOOK NUMBER | |
| International Standard Book Number | 0345468902 (alk. paper) |
| 020 ## - INTERNATIONAL STANDARD BOOK NUMBER | |
| International Standard Book Number | 9780345468901 (alk. paper) |
| 040 ## - CATALOGING SOURCE | |
| Original cataloging agency | DLC |
| Transcribing agency | DLC |
| Modifying agency | DLC |
| 050 00 - LIBRARY OF CONGRESS CALL NUMBER | |
| Classification number | AG105 |
| Item number | .J64 2006 |
| 082 00 - DEWEY DECIMAL CLASSIFICATION NUMBER | |
| Classification number | 031.02 |
| Edition information | 22 |
| 092 ## - LOCALLY ASSIGNED DEWEY CALL NUMBER (OCLC) | |
| Classification number | 031.02 J64 2006 |
| 001 - CONTROL NUMBER | |
| control field | data |
| 100 1# - MAIN ENTRY--PERSONAL NAME | |
| Personal name | Jones, Judy, |
| Dates associated with a name | 1946- |
| 245 13 - TITLE STATEMENT | |
| Title | An incomplete education : |
| Remainder of title | 3,684 things you should have learned but probably didn't / |
| Statement of responsibility, etc. | Judy Jones & William Wilson. |
| 250 ## - EDITION STATEMENT | |
| Edition statement | 3rd ed. |
| 260 ## - PUBLICATION, DISTRIBUTION, ETC. | |
| Place of publication, distribution, etc. | New York : |
| Name of publisher, distributor, etc. | Ballantine Books, |
| Date of publication, distribution, etc. | c2006. |
| 300 ## - PHYSICAL DESCRIPTION | |
| Extent | xv, 699 p. : |
| Other physical details | ill. ; |
| Dimensions | 25 cm. |
| 500 ## - GENERAL NOTE | |
| General note | Includes index. |
| 650 #0 - SUBJECT ADDED ENTRY--TOPICAL TERM | |
| Topical term or geographic name entry element | Handbooks, vade-mecums, etc. |
| 700 1# - ADDED ENTRY--PERSONAL NAME | |
| Personal name | Wilson, William, |
| Dates associated with a name | 1948- |
| 856 42 - ELECTRONIC LOCATION AND ACCESS | |
| Materials specified | Contributor biographical information |
| Uniform Resource Identifier | <a href="http://www.loc.gov/catdir/enhancements/fy0702/2006282330-b.html">http://www.loc.gov/catdir/enhancements/fy0702/2006282330-b.html</a> |
| 856 42 - ELECTRONIC LOCATION AND ACCESS | |
| Materials specified | Publisher description |
| Uniform Resource Identifier | <a href="http://www.loc.gov/catdir/enhancements/fy0702/2006282330-d.html">http://www.loc.gov/catdir/enhancements/fy0702/2006282330-d.html</a> |
| Withdrawn status | Lost status | Damaged status | Not for loan | Home library | Current library | Shelving location | Date acquired | Total checkouts | Full call number | Barcode | Date last seen | Price effective from | Koha item type |
|---|---|---|---|---|---|---|---|---|---|---|---|---|---|
| Franklin | Franklin | General stacks | 22/03/2026 | 031.02 22 | BC0010909 | 22/03/2026 | 22/03/2026 | Books |